Lions at lunchtime (Record no. 896)

MARC details
000 -LEADER
fixed length control field 01068pam a2200313 a 4500
005 - DATE AND TIME OF LATEST TRANSACTION
control field 20250619105826.0
020 ## - INTERNATIONAL STANDARD BOOK NUMBER
International Standard Book Number 0679983406 (lib. bdg.)
020 ## - INTERNATIONAL STANDARD BOOK NUMBER
International Standard Book Number 0590706373
040 ## - CATALOGING SOURCE
Original cataloging agency DLC
Transcribing agency DLC
Modifying agency DLC
Language of cataloging eng
050 00 - LIBRARY OF CONGRESS CALL NUMBER
Classification number PZ7.O81167
Item number Li 1998
082 00 - DEWEY DECIMAL CLASSIFICATION NUMBER
Classification number Fic
Edition number 21
100 1# - MAIN ENTRY--PERSONAL NAME
Personal name Osborne, Mary Pope.
245 10 - TITLE STATEMENT
Title Lions at lunchtime
Statement of responsibility, etc. by Mary Pope Osborne ; illustrated by Sal Murdocca.
260 ## - PUBLICATION, DISTRIBUTION, ETC.
Place of publication, distribution, etc. New York :
Name of publisher, distributor, etc. Random House,
Date of publication, distribution, etc. 1998.
300 ## - PHYSICAL DESCRIPTION
Extent 70 pages :
Other physical details illustrations ;
Dimensions 20 cm
490 ## - SERIES STATEMENT
Series statement Magic Tree House
Volume/sequential designation Book 11
500 ## - GENERAL NOTE
General note "A stepping stone book."
505 ## - FORMATTED CONTENTS NOTE
Formatted contents note M <br/>
520 ## - SUMMARY, ETC.
Summary, etc. The magic tree house takes Jack and Annie to Africa where they meet up with wonderful wild animals, a very hungry warrior, and where they even solve a riddle.
521 0# - TARGET AUDIENCE NOTE
Target audience note 550 <br/>
Source Lexile <br/>
521 0# - TARGET AUDIENCE NOTE
Target audience note M <br/>
Source Raz-Plus <br/>
650 #1 - SUBJECT ADDED ENTRY--TOPICAL TERM
Topical term or geographic name entry element Tree houses
General subdivision Fiction.
650 #1 - SUBJECT ADDED ENTRY--TOPICAL TERM
Topical term or geographic name entry element Magic
General subdivision Fiction.
650 #1 - SUBJECT ADDED ENTRY--TOPICAL TERM
Topical term or geographic name entry element Animals
Geographic subdivision Africa
Form subdivision Fiction.
700 1# - ADDED ENTRY--PERSONAL NAME
Personal name Murdocca, Sal
Relator term illustrator
906 ## - LOCAL DATA ELEMENT F, LDF (RLIN)
a 7
b cbc
c orignew
d 1
e ocip
f 19
g y-gencatlg
942 ## - ADDED ENTRY ELEMENTS (KOHA)
Source of classification or shelving scheme Dewey Decimal Classification
Koha item type Books
Suppress in OPAC No
999 ## -
-- 896
-- 896
Holdings
Withdrawn status Lost status Source of classification or shelving scheme Damaged status Not for loan Collection Home library Current library Shelving location Date acquired Total Checkouts Full call number Barcode Date last seen Date last checked out Price effective from Koha item type Copy number
    Dewey Decimal Classification     Juvenile Fiction Footprints International School Library Network Toul Tom Poung Campus Footprints International School Library Network Toul Tom Poung Campus TTP Primary Yellow Bookshelves 07/13/2023 3 OSB Fic PZ7.O81167 FISBK00120 09/03/2025 08/20/2025 07/13/2023 Books  
    Dewey Decimal Classification     Juvenile Fiction Footprints International School Library Network Toul Tom Poung Campus Footprints International School Library Network Toul Tom Poung Campus TTP Primary Yellow Bookshelves 06/19/2025   OSB Fic PZ7.O81167 2025-1664 06/19/2025   06/19/2025 Books 2